Punchinello and the most marvelous gift /(motion picture) / (Record no. 116547)
[ view plain ]
| 000 -LEADER | |
|---|---|
| fixed length control field | 00439nam a2200145 a 4500 |
| 005 - DATE AND TIME OF LATEST TRANSACTION | |
| control field | 20140513081056.0 |
| 008 - FIXED-LENGTH DATA ELEMENTS--GENERAL INFORMATION | |
| fixed length control field | 070905s19uu xx 00 eng d |
| 050 ## - LIBRARY OF CONGRESS CALL NUMBER | |
| Classification number | DVD |
| Item number | Pu984 2005 |
| 100 ## - MAIN ENTRY--PERSONAL NAME | |
| Personal name | Lucado, Max |
| 245 ## - TITLE STATEMENT | |
| Title | Punchinello and the most marvelous gift /(motion picture) / |
| Statement of responsibility, etc | Max Lucado. |
| 260 ## - PUBLICATION, DISTRIBUTION, ETC. (IMPRINT) | |
| Place of publication, distribution, etc | Philippines : |
| Name of publisher, distributor, etc | Lighthouse educational, |
| Date of publication, distribution, etc | 2005. |
| 500 ## - GENERAL NOTE | |
| General note | Approx 40 min. |
| 520 ## - SUMMARY, ETC. | |
| Summary, etc | A story about Giving |
| Withdrawn status | Lost status | Damaged status | Home library | Current library | Shelving location | Date acquired | Source of acquisition | Cost, normal purchase price | Total Checkouts | Full call number | Barcode | Date last seen | Price effective from | Koha item type |
|---|---|---|---|---|---|---|---|---|---|---|---|---|---|---|
| Elizalde Library | Elizalde Library | Audio Visual Material Section | 09/05/2007 | 250.00 | DVD Pu984 2005 | E644 | 05/13/2014 | 05/13/2014 | Audio Visual Materials |